000 005250000a22001810004500
041 0 _aSPA
082 0 4 _aG 370.1 R8642e
100 1 _aRousseau, Juan Jacobo (1712-1778)
245 1 0 _aEmilio : O de la educación / J.J. Rousseau ; Luis Aguirre Prado, Traductor.
260 _aMadrid, España : EDAF
300 _a555 Pag.
650 1 4 _aFILOSOFIA DE LA EDUCACION \ PEDAGOGIA
001 525
942 _cBK
999 _c32044
_d32044
336 _atexto
_btxt
_2rdacontent
337 _2rdamedia
_asin mediación
_bn
338 _2rdacarrier
_avolumen
_bnc